Analýza vývoja zhodnocovacieho procesu odvetvia priemyslu za roky 1993 až 2006
Analýza vývoja produkcie, hrubej pridanej hodnoty a vývoja ďalších ukazovateľov a spotreby pre odvetvie priemyslu, pomocou komoditno-odvetvových tabuliek dodávok a použitia. Uvedené veličiny sú analyzované za roky 1993 až 2006 vrátane, nakoľko údaje za rok 2007 sú ešte stále čiastočné a nekompletné....
Salvato in:
| Autore principale: | |
|---|---|
| Natura: | Capitolo di libro |
| Lingua: | slovacco |
| Soggetti: | |
| Tags: |
Nessun Tag, puoi essere il primo ad aggiungerne!!
|
MARC
| LEADER | 00000nla$a2200000$$$4500 | ||
|---|---|---|---|
| 001 | 0120882 | ||
| 005 | 20240502072353.4 | ||
| 041 | 0 | |a slo | |
| 044 | |a SK | ||
| 245 | 1 | 0 | |a Analýza vývoja zhodnocovacieho procesu odvetvia priemyslu za roky 1993 až 2006 |c Matej Valach |
| 520 | |a Analýza vývoja produkcie, hrubej pridanej hodnoty a vývoja ďalších ukazovateľov a spotreby pre odvetvie priemyslu, pomocou komoditno-odvetvových tabuliek dodávok a použitia. Uvedené veličiny sú analyzované za roky 1993 až 2006 vrátane, nakoľko údaje za rok 2007 sú ešte stále čiastočné a nekompletné. Číselné hodnoty sú uvádzané v slovenských korunách, vzhľadom na analyzované časové obdobie. | ||
| 610 | 2 | 0 | |a odvetvia priemyselné |
| 610 | 2 | 0 | |a výroba priemyselná |
| 610 | 2 | 0 | |a hodnota pridaná |
| 610 | 2 | 0 | |a spotreba |
| 610 | 2 | 0 | |a spotreba energie |
| 100 | 1 | |a Valach, Matej | |